| 000 | 00666nam a22001817a 4500 | ||
|---|---|---|---|
| 999 |
_c15022 _d15022 |
||
| 003 | OSt | ||
| 082 | _2631.3 DHA/DE | ||
| 088 | _aP 90 | ||
| 100 |
_aDHALIN D _aJAYALEKSHMI K _aRAKESH K. N _94007 |
||
| 245 | _aDevelopment of a simple technique for watermelon seed extraction | ||
| 260 |
_aTavanur 1999 _bDepartment of Farm Power Machinery and Energy |
||
| 300 | _a34 | ||
| 500 | _aDevelopment of a simple technique for watermelon seed extraction | ||
| 520 | _aDevelopment of a simple technique for watermelon seed extraction | ||
| 700 |
_aEr. Jippu Jacob (Guide) _93623 |
||
| 856 | _uhttps://drive.google.com/open?id=14M4aIRnBRq5kgozFxRJcq5In7sQ3ytOx | ||
| 942 | _cPR | ||